00646nam a22002177a 4500003000500000005001700005008004100022010001000063011001000073035001000083040000900093082001600102100003100118245003500149260008400184300002000268490004100288650003400329700002400363830004100387CHAP20220329141645.0971013s1979 es a r 00010 spa d a71736 a72708 a82264 cCHAP04a333.72bG3500aGallina T., María Pía.1 aBellezas naturales de México aMadrid :bInstituto de la Caza Fotográfica y Ciencias de la Naturaleza,c1979 a224 p.b: ilus. aLa naturaleza en Iberoámericav; 414aRecursos naturalesxMéxico.0 aSangri Namur, Luis.0 aLa naturaleza en Iberoámericav; 4